Atypische gynäkologische Operationen /
Uložené v:
| Hlavný autor: | |
|---|---|
| Médium: | Kniha |
| Jazyk: | German |
| Vydané: |
München Berlin Wien :
Urban und Schwarzenberg,
1972.
|
| Vydanie: | 1st ed. |
| ISBN: |
(viaz.) |
| Fyzický popis: |
112 s. |
| Tagy: |
Pridať tag
Žiadne tagy, Buďte prvý kto otaguje tento záznam!
|
Titul je dostupný aj v ... 

MARC
| LEADER | 00000nam a2200000 a 4500 | ||
|---|---|---|---|
| 001 | 000205708 | ||
| 005 | 20100703131408.0 | ||
| 008 | 040101s1972 qw ger d | ||
| 020 | |a (viaz.) |c Kčs 280,00 | ||
| 040 | |a SVKKK |b slo |c SVKKK |e AACR2 | ||
| 041 | 0 | |a ger | |
| 044 | |a qw |c DE | ||
| 100 | 1 | |a Halter, Gustav |4 aut | |
| 245 | 1 | 0 | |a Atypische gynäkologische Operationen / |c Gustav Halter. |
| 250 | |a 1st ed. | ||
| 260 | |a München |a Berlin |a Wien : |b Urban und Schwarzenberg, |c 1972. | ||
| 300 | |a 112 s. | ||
| 910 | |a svkkk | ||
| 998 | |a BK | ||
| 090 | |g SCKHL |k Sklad Pribinova 1. posch. |a IV.73454 |j 479607 |i 205708-10 |s Absenčne | ||